000 00612nam a2200229Ia 4500
003 OSt
005 20220928143912.0
006 a|||||r|||| 00| 0
007 ta
008 220927b |||||||| |||| 00| 0 eng d
024 _a23315
037 _cTextual
040 _aSDCL
_cSDCL
_beng
041 _2eng
_aeng
082 _aQ2:4x2,1, M2
100 _aPandey Umeshchandra Tr.
_9506217
245 0 _aYaghyavalkysmriti
260 _c1982
700 _a Mistra Narayana Tr.
_9506218
942 _hQ2:4x2,1, M2
_cTEXL
_2CC
999 _c825261
_d825261